Summit v Bukurešti - nový impulz pre diskusiu o význame NATO
Účasť Slovenska na summite NATO v Bukurešti v dňoch 2.-4. apríla 2008. Slovensko ako spoľahlivý spojenec v rámci NATO. Slovenská verejnosť - nie príliš naklonená pôsobeniu slovenských vojakov v nebezpečných misiách. Výskum Transatlantické trendy. Potreba práce vlády s verejnou mienkou v jednotlivých...
Saved in:
| Main Author: | |
|---|---|
| Format: | Book Chapter |
| Language: | Slovak |
| Subjects: | |
| Tags: |
No Tags, Be the first to tag this record!
|
MARC
| LEADER | 00000naa$a2200000$$$4500 | ||
|---|---|---|---|
| 001 | 0085269 | ||
| 005 | 20240502071953.9 | ||
| 041 | 0 | |a slo | |
| 044 | |a SK | ||
| 245 | 1 | 0 | |a Summit v Bukurešti - nový impulz pre diskusiu o význame NATO |c Peter Weiss |
| 520 | |a Účasť Slovenska na summite NATO v Bukurešti v dňoch 2.-4. apríla 2008. Slovensko ako spoľahlivý spojenec v rámci NATO. Slovenská verejnosť - nie príliš naklonená pôsobeniu slovenských vojakov v nebezpečných misiách. Výskum Transatlantické trendy. Potreba práce vlády s verejnou mienkou v jednotlivých členských krajinách NATO. | ||
| 610 | 2 | 0 | |a politika medzinárodná |
| 610 | 2 | 0 | |a politika zahraničná |
| 610 | 2 | 0 | |a vzťahy medzinárodné |
| 610 | 2 | 0 | |a spolupráca medzinárodná |
| 610 | 2 | 0 | |a sily ozbrojené |
| 610 | 2 | 0 | |a organizácie medzinárodné |
| 610 | 2 | 0 | |a mienka verejná |
| 610 | 2 | 0 | |a výskum |
| 610 | 2 | 0 | |a Slovensko |
| 100 | 1 | |a Weiss, Peter | |